[Event "Norway Chess 2024"]
[Site "Stavanger, Norway"]
[Date "2024.06.03"]
[Round "13.1"]
[White "Nakamura, Hikaru"]
[Black "Carlsen, Magnus"]
[Result "1/2-1/2"]
[WhiteElo "2794"]
[BlackElo "2830"]
[Annotator "Stockfish 16.1 - Chessbase"]
[PlyCount "39"]
[EventDate "2024.??.??"]

1. d4 {[%eval 17,0]} Nf6 {[%eval 17,0]} 2. c4 {[%eval 21,0]} e6 {[%eval 21,0]} 3. Nc3 {[%eval 18,0]} Bb4 {[%eval 17,0]} 4. f3 {[%eval 6,0]} d5 {[%eval 1,0]} 5. a3 {[%eval 8,0]} Bxc3+ {[%eval 12,0]} 6. bxc3 {[%eval 1,0]} c5 {[%eval 8,0]} 7. cxd5 {[%eval 1,0]} Nxd5 {[%eval 19,0]} 8. dxc5 {[%eval 21,0]} Qa5 {[%eval 12,0]} 9. e4 {[%eval 18,0]} Ne7 {[%eval 15,0]} 10. Be3 {[%eval 15,0]} ({RR} 10. Qb3 O-O 11. a4 Nec6 12. Bb5 e5 13. Ne2 Be6 14. Bc4 Bxc4 15. Qxc4 Nd7 16. Be3 Rac8 17. O-O Qc7 18. Rfd1 Na5 19. Qb5 Nxc5 20. Rd5 b6 21. Bxc5 bxc5 22. Rad1 g6 23. h4 h5 24. Rd7 Qb6 {0-1 Erigaisi,A (2727)-Aronian,L (2723) World Blitz 2023 Samarkand UZB (20.5)}) ({RR} 10. Qb3 O-O 11. a4 Nec6 12. Bb5 e5 13. Ne2 Be6 14. Bc4 Bxc4 15. Qxc4 Nd7 16. Be3 Rac8 17. O-O Qc7 18. Rfd1 Na5 19. Qb5 Nxc5 20. Rd5 b6 21. Bxc5 bxc5 22. Rad1 g6 23. h4 h5 24. Rd7 Qb6 {Erigaisi,A (2727)-Aronian,L (2723) Samarkand UZB 2023 0-1 (51)}) 10... O-O $146 {[%eval 14,0]} ({RR} 10... Nd7 11. Qb3 O-O 12. Bb5 Nc6 13. Bxc6 bxc6 14. Qb4 Qc7 15. Ne2 Ba6 16. c4 Ne5 17. Qc3 Nxc4 18. Bf4 e5 19. Bg3 Qe7 20. Kf2 Qxc5+ 21. Ke1 Rfd8 22. Rc1 Rab8 23. Bf2 Qe7 24. Ng3 Nb2 25. Nf5 {0-1 Parra Gomez,A (2208)-Masruri,R (2281) Titled Tue 23rd Jan Early chess.com INT 2024 (2)}) 11. Qd2 {[%eval 13,0]} Rd8 {[%eval 26,0]} ({RR} 11... Nec6 12. Nh3 Rd8 13. Qb2 Qc7 14. Bb5 Na5 15. Nf4 Bd7 16. O-O Nbc6 17. a4 Ne5 18. Qf2 Nec4 19. Bxc4 Nxc4 20. Nd3 Rac8 21. Rfd1 Be8 22. Bg5 f6 23. Qa2 Rxd3 24. Rxd3 Qxc5+ 25. Be3 Nxe3 26. Qxe6+ {Simacek,P (2411)-Marakovits,N (2291) Pardubice CZE 2025 0-1 (78)}) 12. Qb2 {[%eval 26,0]} Na6 $146 {[%eval 19,0]} ({RR} 12... e5 13. Bc4 Na6 14. Ne2 Nxc5 15. Qb4 Nd3+ 16. Bxd3 Qxb4 17. axb4 Rxd3 18. Rxa7 Rxa7 19. Bxa7 Be6 20. Kf2 Bc4 21. Be3 f5 22. Bg5 Kf7 23. Bxe7 Kxe7 24. exf5 Rd2 25. Re1 Kf6 26. g4 Rc2 27. h4 {Grover,S (2485)-Prince,B (2227) Al Ain 2013 ½-½ (40)}) 13. Nh3 {[%eval 0,0]} e5 {[%eval 0,0]} 14. Nf2 {[%eval 3,0]} Be6 {[%eval 1,0]} 15. Nd3 {[%eval 0,0]} Qc7 {[%eval 0,0]} 16. Qb5 {[%eval 0,0]} Bd7 {[%eval 0,0]} 17. Qb2 {[%eval 0,0]} Be6 {[%eval 0,0]} 18. Qb5 {[%eval 0,0]} Bd7 {[%eval 0,0]} 19. Qb2 {[%eval 0,0]} Be6 {[%eval 2,0]} 20. Qb5 {[%eval 0,0]} 1/2-1/2

[Event "Norway Chess 2024"]
[Site "Stavanger, Norway"]
[Date "2024.06.03"]
[Round "14.1"]
[White "Nakamura, Hikaru"]
[Black "Carlsen, Magnus"]
[Result "1-0"]
[WhiteElo "2794"]
[BlackElo "2830"]
[Annotator "Stockfish 16.1 - Chessbase"]
[PlyCount "101"]
[EventDate "2024.??.??"]

1. d4 {[%eval 17,0]} Nf6 {[%eval 17,0]} 2. c4 {[%eval 21,0]} e6 {[%eval 21,0]} 3. Nc3 {[%eval 18,0]} d5 {[%eval 23,0]} 4. cxd5 {[%eval 35,0]} exd5 {[%eval 36,0]} 5. Bg5 {[%eval 24,0]} Be7 {[%eval 25,0]} 6. e3 {[%eval 22,0]} h6 {[%eval 21,0]} 7. Bh4 {[%eval 23,0]} Bg4 {[%eval 39,0]} 8. f3 {[%eval 24,0]} Be6 {[%eval 32,0]} 9. Bd3 {[%eval 2,0]} c5 {[%eval 25,0]} 10. Nge2 {[%eval 17,0]} Nc6 {[%eval 24,0]} 11. O-O {[%eval 26,0]} O-O {[%eval 21,0]} 12. Re1 $146 {[%eval 17,0]} ({RR} 12. Rc1 cxd4 13. exd4 Rc8 14. a3 Re8 15. Na4 Nh5 16. Bf2 Bg5 17. Rc3 Nf4 18. Nxf4 Bxf4 19. Nc5 Rc7 20. Bb5 Bc8 21. Qa4 Qd6 22. g3 Bd2 23. Rc2 Be3 24. Bxc6 Bxf2+ 25. Rfxf2 Qxc6 26. Qxc6 Rxc6 {1-0 Janssen,R (2499)-Levin,F (2431) TCh-BEL 2023-24 Belgium BEL (11.3)}) ({RR} 12. Bf2 Rc8 13. Qd2 a6 14. Rad1 b5 15. dxc5 Bxc5 16. Nd4 Qb6 17. Nxc6 Rxc6 18. Ne2 Re8 19. Nd4 Rc7 20. Bb1 Rce7 21. Qd3 g6 22. Nb3 Bd6 23. Nd4 Bc5 24. Rc1 Nd7 25. Bg3 Bxd4 26. Qxd4 Qxd4 {1-0 Krush,I (2430)-Kurmangaliyeva,L (2261) World Blitz Women 2023 Samarkand UZB (3.43)}) ({RR} 12. Bf2 cxd4 13. exd4 Bd6 14. g4 h5 15. h3 Nd7 16. Qd2 Nb6 17. b3 Rc8 18. Rac1 f5 19. gxh5 f4 20. Kh2 Qg5 21. Bg6 Bf5 22. Rg1 Qh6 23. Bxf5 Rxf5 24. Rg6 Qxh5 25. Rxd6 Qxf3 26. Ng1 Qh5 {Krush,I (2447)-Divya,D (2372) Kolkata IND 2023 0-1 (37)}) ({RR} 12. Bf2 cxd4 13. exd4 Bd6 14. Bh4 Re8 15. Rc1 Rc8 16. Bb1 Be7 17. Qd3 g6 18. Qd1 Qd7 19. Qd2 Kg7 20. Bc2 Na5 21. Ba4 Nc6 22. Bf2 a6 23. Nf4 b5 24. Bb3 Na5 25. Rce1 Bd6 26. Bh4 Nxb3 {Abdusattorov,N (2777)-Nihal,S (2676) Tashkent UZB 2024 ½-½ (42)}) ({RR} 12. dxc5 Bxc5 13. Bf2 a6 14. Rc1 Ba7 15. Bb1 Rc8 16. Nd4 Qd7 17. Nxc6 Rxc6 18. Qd3 d4 19. Ne4 Nxe4 20. Qxe4 f5 21. Qe5 dxe3 22. Bxe3 Qd6 23. Qxe6+ Qxe6 24. Bxa7 b6 25. Bc2 Kh8 {0-1 (25) Yu,J (2283)-Juksta,K (2403) Charlotte USA 2025}) 12... Re8 {[%eval 17,0]} 13. Bc2 {[%eval 2,0]} Rc8 {[%eval 22,0]} 14. Nf4 {[%eval 27,0]} cxd4 {[%eval 66,0]} 15. Nxe6 {[%eval 6,0]} fxe6 {[%eval 63,0]} 16. exd4 {[%eval 75,0]} Nxd4 {[%eval 73,0]} 17. Bg6 {[%eval 64,0]} Rf8 {[%eval 68,0]} 18. Bf2 {[%eval 65,0]} Nc6 {[%eval 78,0]} 19. Rxe6 {[%eval 75,0]} d4 {[%eval 72,0]} 20. Ne2 {[%eval 71,0]} Bc5 $6 {[%eval 133,0] Inaccuracy. Nd5 was best.} (20... Nd5) 21. Nf4 {[%eval 85,0]} Nd5 $6 {[%eval 200,0] Inaccuracy. Bd6 was best.} (21... Bd6 22. Bg3) 22. Qb3 {[%eval 207,0]} Nxf4 {[%eval 203,0]} 23. Rd6+ {[%eval 201,0]} Kh8 {[%eval 214,0]} 24. Rxd8 {[%eval 200,0]} Rcxd8 {[%eval 207,0]} 25. Qxb7 {[%eval 213,0]} Ne5 {[%eval 202,0]} 26. Be4 {[%eval 109,0]} Bb6 {[%eval 209,0]} 27. a4 {[%eval 233,0]} Nc4 {[%eval 262,0]} 28. Qa6 {[%eval 253,0]} Nd2 {[%eval 254,0]} 29. a5 {[%eval 204,0]} Bc5 $6 {[%eval 319,0] Inaccuracy. Nxe4 was best.} (29... Nxe4 30. axb6 Nxf2 31. bxa7 N2d3 32. b4 Ra8 33. b5 Rfe8 34. b6 Re2 35. Rf1) 30. Bb7 {[%eval 271,0]} Nb3 {[%eval 326,0]} 31. Rd1 {[%eval 318,0]} d3 {[%eval 351,0]} 32. Bxc5 {[%eval 367,0]} Nxc5 {[%eval 355,0]} 33. Qxa7 {[%eval 338,0]} Nxb7 {[%eval 359,0]} 34. Qxb7 {[%eval 365,0]} Rfe8 {[%eval 347,0]} 35. g3 {[%eval 383,0]} d2 {[%eval 338,0]} 36. Qb4 $4 {[%eval 4,0] Blunder. Kf1 was best.} (36. Kf1 Nd5 37. Rxd2 Ne3+ 38. Ke1 Ng2+ 39. Kd1 Re1+ 40. Kc2 Ne3+ 41. Kc3 Rc1+) 36... Rd4 {[%eval 56,0]} 37. Qxd2 {[%eval 63,0]} Rxd2 {[%eval 6,0]} 38. Rxd2 {[%eval 68,0]} Ne6 {[%eval 67,0]} 39. b4 $6 {[%eval 1,0] Inaccuracy. Re2 was best.} (39. Re2 Kg8 40. f4 g6 41. b4 Kf7 42. b5 Rb8 43. Rb2 Nc5 44. Kg2 Ke7) 39... Kg8 $6 {[%eval 87,0] Inaccuracy. Rb8 was best.} (39... Rb8 40. Rb2 Nd4 41. b5 Ra8 42. b6 Nc6 43. b7 Rxa5 44. Kf2 Kg8 45. Rb6) 40. b5 {[%eval 77,0]} Ra8 {[%eval 87,0]} 41. Ra2 {[%eval 68,0]} Kf7 {[%eval 78,0]} 42. Kf2 {[%eval 5,0]} Ke7 {[%eval 46,0]} 43. b6 {[%eval 19,0]} Nc5 {[%eval 2,0]} 44. Ke3 {[%eval 23,0]} Kd6 {[%eval 24,0]} 45. Kf4 {[%eval 24,0]} g6 {[%eval 25,0]} 46. h4 {[%eval 35,0]} Kd5 {[%eval 51,0]} 47. Kg4 {[%eval 51,0]} Kc6 {[%eval 51,0]} 48. h5 {[%eval 58,0]} Rg8 {[%eval 64,0]} 49. Rc2 {[%eval 14,0]} Kb5 {[%eval 23,0]} 50. hxg6 {[%eval 17,0]} Rxg6+ {[%eval 26,0]} 51. Kh5 {[%eval 2,0]} 1-0

[Event "Norway Chess 2024"]
[Site "Stavanger, Norway"]
[Date "2024.06.04"]
[Round "16.1"]
[White "Carlsen, Magnus"]
[Black "Praggnanandhaa R"]
[Result "1-0"]
[WhiteElo "2830"]
[BlackElo "2747"]
[Annotator "Stockfish 16.1 - Chessbase"]
[PlyCount "133"]
[EventDate "2024.??.??"]

1. d4 {[%eval 17,0]} Nf6 {[%eval 17,0]} 2. Bf4 {[%eval 5,0]} d5 {[%eval 12,0]} 3. e3 {[%eval 3,0]} Bf5 {[%eval 16,0]} 4. c4 {[%eval 13,0]} e6 {[%eval 17,0]} 5. Nc3 {[%eval 7,0]} ({RR} 5. Qb3 Nbd7 6. Nc3 dxc4 7. Bxc4 Nb6 8. Be2 a5 9. a3 c6 10. Bg5 Be7 11. f3 a4 12. Qd1 Nfd7 13. Bxe7 Qxe7 14. e4 Bg6 15. Nh3 O-O 16. O-O f6 17. f4 e5 18. dxe5 fxe5 19. f5 Bf7 {1-0 Maghsoodloo,P (2715)-Praggnanandhaa,R (2747) 6th Prague Masters 2024 Prague CZE (2.5)}) 5... Bd6 {[%eval 3,0]} 6. Bxd6 {[%eval 3,0]} Qxd6 {[%eval 24,0]} 7. Qb3 $146 {[%eval 25,0]} ({RR} 7. cxd5 exd5 8. Qb3 b6 9. Nf3 O-O 10. Be2 Nbd7 11. O-O c6 12. Rac1 Rac8 13. Qa4 Rc7 14. h3 Ne4 15. Nxe4 Bxe4 16. Rfd1 Bxf3 17. Bxf3 Re8 18. Rc3 Re6 19. Rdc1 g6 20. b4 b5 21. Qa6 Nb6 {1-0 Timerkhanov,A (2308)-Khazhatuly,A (1958) Titled Tue 6th Feb Early chess.com INT 2024 (4)}) 7... b6 {[%eval 34,0]} 8. Nf3 {[%eval 26,0]} O-O {[%eval 36,0]} 9. Be2 {[%eval 28,0]} dxc4 $146 {[%eval 32,0]} ({RR} 9... a6 10. O-O Nbd7 11. Rac1 dxc4 12. Bxc4 b5 13. Be2 c5 14. dxc5 Nxc5 15. Qb4 Rfc8 16. a4 Qb6 17. axb5 Bd3 18. Na4 Qxb5 19. Qxb5 axb5 20. Nxc5 Bxe2 21. Rfe1 Bc4 22. Nb7 Ne4 23. Red1 Bd5 24. Rxc8+ {Kamsky,G (2662)-Nakamura,H (2736) Chess.com INT 2021 0-1 (34)}) ({RR} 9... c5 10. O-O dxc4 11. Bxc4 Nc6 12. dxc5 Qxc5 13. Na4 Qe7 14. Bb5 Be4 15. Bxc6 Bxc6 16. Nd4 Bd5 17. Qd3 Qb7 18. f3 e5 19. Nf5 e4 20. Qe2 exf3 21. gxf3 Qd7 22. e4 Qxa4 23. exd5 Nxd5 24. Qe5 {Nguyen Thanh Nghia (2124)-Mena,M (2044) chess.com INT 2025 1-0 (33)}) 10. Qxc4 {[%eval 26,0]} a6 {[%eval 27,0]} 11. O-O {[%eval 33,0]} Nbd7 {[%eval 31,0]} 12. Rfd1 {[%eval 27,0]} b5 {[%eval 27,0]} 13. Qb3 {[%eval 3,0]} c5 {[%eval 35,0]} 14. dxc5 {[%eval 32,0]} Qxc5 {[%eval 32,0]} 15. Nd4 {[%eval 27,0]} Bg6 {[%eval 26,0]} 16. Bf3 {[%eval 14,0]} Ra7 $6 {[%eval 76,0] Inaccuracy. Bh5 was best.} (16... Bh5 17. Bxh5 Qxh5 18. Rac1 Rfc8 19. Nce2 Rxc1 20. Rxc1 Qd5 21. Qa3 h6 22. h3) 17. Rac1 {[%eval 71,0]} Qg5 {[%eval 96,0]} 18. Nc6 $6 {[%eval 18,0] Inaccuracy. Qa3 was best.} (18. Qa3 Ne5 19. Be2 Qh4 20. h3 Rd7 21. Qxa6 b4 22. Na4 Ne4 23. Rf1 Qg5) 18... Ne5 {[%eval 22,0]} 19. Nxe5 {[%eval 24,0]} Qxe5 {[%eval 22,0]} 20. a4 {[%eval 9,0]} bxa4 {[%eval 12,0]} 21. Qb6 {[%eval 0,0]} Qb8 {[%eval 3,0]} 22. Nxa4 {[%eval 9,0]} h6 {[%eval 1,0]} 23. Be2 {[%eval 0,0]} Nd5 {[%eval 33,0]} 24. Qd4 {[%eval 23,0]} a5 {[%eval 39,0]} 25. Nc5 {[%eval 43,0]} Qb6 {[%eval 39,0]} 26. Bf3 {[%eval 41,0]} Rb8 {[%eval 44,0]} 27. Bxd5 {[%eval 29,0]} exd5 {[%eval 14,0]} 28. b3 {[%eval 21,0]} Rc7 {[%eval 56,0]} 29. Ne6 {[%eval 55,0]} Qxd4 {[%eval 56,0]} 30. Nxd4 {[%eval 44,0]} Rbc8 {[%eval 58,0]} 31. Ra1 {[%eval 64,0]} Bc2 $6 {[%eval 137,0] Inaccuracy. Ra8 was best.} (31... Ra8 32. h4 f6 33. Ra3 Be8 34. Rda1 Rca7 35. Rc1 a4 36. bxa4 Rxa4 37. Rxa4) 32. Rdc1 $6 {[%eval 69,0] Inaccuracy. Rf1 was best.} (32. Rf1 Rc5 33. h3 g6 34. Ra3 Bf5 35. Kh2 Bd7 36. Rfa1 a4 37. bxa4 Ra5) 32... Bd3 $6 {[%eval 153,0] Inaccuracy. Bg6 was best.} (32... Bg6 33. Rf1 Ra7 34. Ra3 f6 35. h4 Be8 36. Rfa1 Rca8 37. Ne2 Kh7 38. Kh2) 33. Rxc7 $6 {[%eval 7,0] Inaccuracy. Re1 was best.} (33. Re1 Rc5) 33... Rxc7 {[%eval 76,0]} 34. f3 {[%eval 52,0]} Rc5 {[%eval 55,0]} 35. Kf2 {[%eval 21,0]} h5 {[%eval 21,0]} 36. Ke1 {[%eval 2,0]} g6 {[%eval 27,0]} 37. Kd2 {[%eval 12,0]} Bf5 {[%eval 17,0]} 38. Rc1 {[%eval 4,0]} Rxc1 {[%eval 3,0]} 39. Kxc1 {[%eval 5,0]} Bd7 {[%eval 7,0]} 40. Kb2 {[%eval 0,0]} Kf8 {[%eval 0,0]} 41. Kc3 {[%eval 2,0]} Ke7 {[%eval 1,0]} 42. Ne2 {[%eval 0,0]} Kd6 {[%eval 0,0]} 43. Kd4 {[%eval 0,0]} a4 {[%eval 5,0]} 44. bxa4 {[%eval 0,0]} Bxa4 {[%eval 0,0]} 45. Nf4 {[%eval 15,0]} Bb3 {[%eval 12,0]} 46. h4 {[%eval 1,0]} Ba2 {[%eval 1,0]} 47. g4 {[%eval 1,0]} hxg4 {[%eval 14,0]} 48. fxg4 {[%eval 0,0]} Ke7 {[%eval 38,0]} 49. Nxd5+ {[%eval 39,0]} Ke6 {[%eval 45,0]} 50. e4 {[%eval 33,0]} Bb3 {[%eval 35,0]} 51. Nf4+ {[%eval 39,0]} Kf6 {[%eval 44,0]} 52. g5+ {[%eval 44,0]} Kg7 {[%eval 34,0]} 53. Ke5 {[%eval 34,0]} Bc2 {[%eval 35,0]} 54. Nd5 {[%eval 44,0]} Bd3 $4 {[%eval 577,0] Blunder. Kf8 was best.} (54... Kf8 55. Nb4 Bb1 56. Kd4 Ke7 57. Kd5 Ke8 58. Na6 Ke7 59. Ke5 Ke8 60. Nb8) 55. Nf6 {[%eval 647,0]} Kf8 {[%eval 638,0]} 56. Kd6 {[%eval 583,0]} Bb1 $6 {[%eval 808,0] Inaccuracy. Bb5 was best.} (56... Bb5 57. e5 Ba4 58. Nd7+ Ke8 59. e6 fxe6 60. Ne5 Kf8 61. Nxg6+ Kg7 62. Ne5) 57. Kd7 {[%eval 791,0]} Bc2 {[%eval 909,0]} 58. Kd8 {[%eval 858,0]} Bb1 {[%eval 909,0]} 59. Nd7+ {[%eval 909,0]} Kg7 {[%eval 900,0]} 60. e5 {[%eval 698,0]} Bf5 $4 {[%eval 32692,0] Checkmate is now unavoidable. Ba2 was best.} (60... Ba2 61. Ke7 Bc4 62. Nf6 Bb3 63. Ne8+ Kg8 64. Nd6 Kg7 65. Nb7 Ba2 66. Nd8) 61. Ke7 {[%eval 32686,0]} Bb1 {[%eval 1185,0]} 62. Nc5 {[%eval 1169,0]} Bc2 $6 {[%eval 32712,0] Checkmate is now unavoidable. Kg8 was best.} (62... Kg8 63. Nb7 Kg7 64. Nd6 Ba2 65. Nxf7 Bxf7 66. e6 Bg8 67. Kd7 Kh7 68. e7) 63. Nb7 {[%eval 32714,0]} Bb1 {[%eval 32714,0]} 64. Nd6 {[%eval 32710,0]} Ba2 {[%eval 32710,0]} 65. Nxf7 {[%eval 32726,0]} Bxf7 {[%eval 32726,0]} 66. e6 {[%eval 32726,0]} Bg8 {[%eval 32726,0]} 67. Kd7 {[%eval 32716,0]} 1-0

[Event "July 23 Late 2024"]
[Site "Chess.com"]
[Date "2024.07.23"]
[Round "3.1"]
[White "Urazayev, Arystanbek"]
[Black "Carlsen, Magnus"]
[Result "0-1"]
[WhiteElo "2773"]
[BlackElo "3241"]
[PlyCount "70"]
[EventDate "2024.??.??"]
[WhiteTeam "KAZ"]
[BlackTeam "NOR"]
[TimeControl "180+1"]
[WhiteClock "0:01:27"]
[BlackClock "0:01:06"]

1. d4 {[%emt 0:00:02]} Nf6 {[%emt 0:00:03]} 2. c4 {[%emt 0:00:00]} b6 {[%emt 0:00:01]} 3. Nc3 {[%emt 0:00:01]} Bb7 {[%emt 0:00:01]} 4. e3 {[%emt 0:00:02]} g6 {[%emt 0:00:09]} 5. Nf3 {[%emt 0:00:01]} Bg7 {[%emt 0:00:02]} 6. Bd3 {[%emt 0:00:01]} d6 $146 {[%emt 0:00:01]} ({RR} 6... O-O 7. O-O d6 8. b3 e5 9. dxe5 dxe5 10. Nxe5 Nfd7 11. Nxd7 Bxc3 12. Nxf8 Bxa1 13. Nxh7 Na6 14. f4 Nc5 15. Ba3 Nxd3 16. Qxa1 Kxh7 17. Rd1 Be4 18. Qc3 Qh4 19. Rxd3 Bxd3 20. Bb2 f6 21. g3 {Coleman,T (2333)-Rozman,L (2343) Chess.com INT 2020 1-0 (48)}) ({RR} 6... O-O 7. O-O e6 8. b3 d6 9. Bb2 Nbd7 10. Qe2 c5 11. Rad1 Qe7 12. Rfe1 a6 13. h3 Rac8 14. Bb1 Rfd8 15. Rd2 cxd4 16. Nxd4 Nc5 17. Red1 Nce4 18. Nxe4 Nxe4 19. Bxe4 Bxe4 20. Nf3 Bxb2 21. Rxb2 {Rakhmanov,A (2645)-Vachier Lagrave,M (2780) Moscow 2019 1-0 (38)}) ({RR} 6... O-O 7. O-O d5 8. Qe2 e6 9. Bd2 Ne4 10. Rac1 Nd7 11. cxd5 exd5 12. Ba6 Bxa6 13. Qxa6 c6 14. Ne2 Qc7 15. Rc2 Rfc8 16. Rfc1 c5 17. Nf4 Qc6 18. dxc5 Ndxc5 19. Qe2 a5 20. Nd4 Qb7 21. Nb5 {Rakhmanov,A (2585)-Erigaisi,A (2771) chess.com INT 2025 ½-½ (88)}) 7. O-O {[%emt 0:00:00]} Nbd7 {[%emt 0:00:01]} 8. b3 {[%emt 0:00:03]} e5 {[%emt 0:00:02]} 9. d5 {[%emt 0:00:08]} e4 {[%emt 0:00:02]} 10. Nd4 {[%emt 0:00:25]} exd3 {[%emt 0:00:02]} 11. Qxd3 {[%emt 0:00:00]} O-O {[%emt 0:00:01]} 12. Bb2 {[%emt 0:00:00]} Re8 {[%emt 0:00:02]} 13. Rad1 {[%emt 0:00:02]} a5 {[%emt 0:00:03]} 14. a4 {[%emt 0:00:01]} Nc5 {[%emt 0:00:01]} 15. Qc2 {[%emt 0:00:01]} Bc8 {[%emt 0:00:12]} 16. Rfe1 {[%emt 0:00:02]} Bd7 {[%emt 0:00:04]} 17. e4 {[%emt 0:00:01]} Nh5 {[%emt 0:00:15]} 18. Bc1 {[%emt 0:00:04]} f5 {[%emt 0:00:05]} 19. f3 {[%emt 0:00:09]} fxe4 {[%emt 0:00:02]} 20. fxe4 {[%emt 0:00:00]} Qh4 {[%emt 0:00:09]} 21. Nf3 {[%emt 0:00:07]} Qf6 {[%emt 0:00:08]} 22. e5 {[%emt 0:00:01]} dxe5 {[%emt 0:00:01]} 23. Bg5 {[%emt 0:00:01]} Qd6 {[%emt 0:00:02]} 24. Nd2 {[%emt 0:00:07]} Bf5 {[%emt 0:00:05]} 25. Qa2 {[%emt 0:00:01]} Nf4 {[%emt 0:00:07]} 26. Nb5 {[%emt 0:00:02]} Qd7 {[%emt 0:00:01]} 27. Nf3 {[%emt 0:00:03]} Ncd3 {[%emt 0:00:03]} 28. Rf1 {[%emt 0:00:02]} h6 {[%emt 0:00:04]} 29. Bxf4 {[%emt 0:00:02]} exf4 {[%emt 0:00:01]} 30. Nh4 {[%emt 0:00:06]} Be4 {[%emt 0:00:06]} 31. Nf3 {[%emt 0:00:17]} c6 {[%emt 0:00:04]} 32. dxc6 {[%emt 0:00:01]} Qxc6 {[%emt 0:00:01]} 33. Ne1 {[%emt 0:00:09]} Qc5+ {[%emt 0:00:21]} 34. Kh1 {[%emt 0:00:01]} Nxe1 {[%emt 0:00:06]} 35. Rdxe1 {[%emt 0:00:06]} Rad8 {[%emt 0:00:02]} 0-1

[Event "13th Norway Chess 2025"]
[Site "Stavanger NOR"]
[Date "2025.05.26"]
[Round "1.3"]
[White "Carlsen, Magnus"]
[Black "Gukesh, D."]
[Result "1-0"]
[WhiteElo "2837"]
[BlackElo "2787"]
[Annotator "Crowther,Mark"]
[PlyCount "109"]
[EventDate "2025.05.26"]

1. d4 Nf6 2. Nc3 d5 3. Bf4 c5 4. e3 Bg4 5. Be2 Bxe2 6. Ncxe2 {D00: 1 d4 d5: Unusual lines.} ({RR} 6. Ngxe2 e6 7. Qd2 Nc6 8. Nb5 Rc8 9. dxc5 Bxc5 10. Ned4 Ne4 11. Qd1 O-O 12. Nxc6 bxc6 13. Nd4 Qb6 14. Rb1 Rfe8 15. Nb3 Bf8 16. O-O c5 17. Nd2 Nf6 18. Nf3 Ne4 19. c3 c4 20. Qc2 Bd6 {Duarte Cramer,L (1828)-Brancaleoni,M (2185) chess.com INT 2025 0-1 (49)}) 6... Nc6 7. Nf3 e6 8. c3 {The position is equal.} Be7 $146 (8... Bd6 9. O-O O-O 10. Bxd6 Qxd6 11. Nf4 Ne4 12. dxc5 Qxc5 {½-½ Naroditsky,D (2619)-Galchenko,M (2438) Titled Tuesday intern op 24th Oct Late Chess.com INT blitz 2023 (5)}) ({RR} 8... Bd6 9. O-O O-O 10. Bxd6 Qxd6 11. Nf4 Ne4 12. dxc5 Qxc5 {½-½ (12) Naroditsky,D (2619)-Galchenko,M (2438) chess.com INT 2023}) ({RR} 8... Bd6 9. O-O O-O 10. Bxd6 Qxd6 11. Nf4 Ne4 12. dxc5 Qxc5 {½-½ (12) Naroditsky,D (2619)-Galchenko,M (2438) chess.com INT 2023}) ({RR} 8... Bd6 9. O-O O-O 10. Bxd6 Qxd6 11. Nf4 Ne4 12. dxc5 Qxc5 {½-½ (12) Naroditsky,D (2619)-Galchenko,M (2438) chess.com INT 2023}) ({RR} 8... Nh5 9. Be5 Bd6 10. Bxd6 Qxd6 11. Ng3 Nxg3 12. hxg3 h6 13. Qd3 O-O 14. g4 e5 15. dxe5 Nxe5 16. Nxe5 Qxe5 17. O-O-O Rfd8 18. Rh5 Qe6 19. g5 Qg6 20. Qxg6 fxg6 21. Rh4 Kh7 22. gxh6 gxh6 23. Rdh1 {Bazan Romero,O (2289)-Khanbutaev,A (2139) chess.com INT 2025 ½-½ (84)}) 9. Ng3 O-O 10. Qe2 h6 11. Rd1 Qa5 12. a3 Rfd8 13. h4 Qa4 14. Ne5 Nxe5 15. Bxe5 Nd7 16. Bf4 Qa6 17. Qf3 Bd6 18. Nh5 Bxf4 19. Qxf4 {[#]} e5 20. Qg3 {[%csl Gh5][%cal Rg3g7]} (20. dxe5 $5 Qg6 21. g4 $14) 20... Qg6 21. Qxg6 fxg6 22. Ng3 exd4 23. cxd4 c4 24. Ne2 b5 25. Nc3 Nf6 26. Rb1 Rab8 27. f3 a5 28. b4 cxb3 29. Rxb3 b4 30. axb4 Rxb4 (30... axb4 31. Na4 $14 (31. Na2 Ra8 $11)) 31. Ra3 Re8 32. Kd2 {[%cal Oh1b1]} Rb2+ 33. Kd3 {Black should prevent g4.} Rxg2 34. Rxa5 Rg3 35. Rf1 g5 36. hxg5 Rxg5 37. Rfa1 h5 38. Ra8 Rxa8 39. Rxa8+ $11 {[%mdl 4096] Endgame KRN-KRN} Kh7 40. e4 dxe4+ 41. fxe4 h4 42. e5 h3 43. exf6 h2 44. f7 Rg3+ (44... h1=Q $5 45. f8=Q $8 (45. f8=R $2 Rg3+ 46. Kc2 Qg2+ 47. Kb3 Qc6 $19) 45... Rg3+ 46. Kd2 Rg2+ 47. Ne2 (47. Kd3 Rg3+ 48. Kd2 Rg2+ 49. Ne2 Qh6+ 50. Ke1 Qh4+ 51. Kd2 Qh6+ 52. Ke1 Qh4+ 53. Kd2 Qh6+ $11) 47... Qh6+ 48. Ke1 Qh4+ 49. Kd1 Qh1+ 50. Kd2 $11) 45. Kd2 h1=Q 46. f8=Q (46. f8=R Qh6+ 47. Kc2 Rg2+ 48. Kb3 Qb6+ 49. Kc4 Qc6+ 50. Kb3 Rg3 51. Rh8+ Kg6 52. Rac8 Rxc3+ 53. Kb2 Qxc8 (53... Rc2+ 54. Kb1 Rc1+ 55. Ka2 Qe6+ 56. Kb2 Qxc8 57. Rxc8 Rxc8 58. d5 Kf5 59. d6 Ke6 60. Kb3 Kxd6 61. Kb4 g5 62. Kb5 g4 63. Ka6 g3 64. Kb7 Rc6 65. Kb8 Rb6+ 66. Ka8 Kc7 67. Ka7 Rh6 68. Ka8 Ra6#) 54. Rxc8 Rxc8 55. Kb3 Kf5 56. d5 Ke5 57. Kb4 Kxd5 58. Kb3 g5 59. Kb4 g4 60. Ka5 g3 61. Kb5 g2 62. Ka6 g1=Q (62... g1=R 63. Kb6 Rb1+ 64. Ka7 Rc4 65. Ka8 Ra4#) 63. Kb7 Rc3 64. Ka8 Rc7 65. Kb8 Qa7#) 46... Qh6+ $2 {[%eval 552,18] [%wdl 1000,0,0][%mdl 8192] Gukesh needed to check with his rook. He was down to less than 10 seconds on his clock.} (46... Rg2+ $1 $11 {[%eval 0,20] [%wdl 3,994,3] and Black is okay.} 47. Kd3 Rg3+ 48. Kd2 Rg2+) 47. Kc2 $18 Qg6+ 48. Kb2 {[%csl Ga8][%cal Rf8h8]} Qb6+ 49. Ka2 Rg2+ 50. Ka3 Qb2+ 51. Ka4 {Qh8+ would kill now.} Qxc3 52. Qh8+ {White mates.} Kg6 53. Ra6+ Kf5 54. Qf8+ Ke4 55. Re6+ ({Not} 55. Qa8+ Kxd4 56. Qxg2 Qc4+ 57. Ka5 Qc5+ 58. Ka4 Qc4+ 59. Ka5 Qc5+ 60. Ka4 Qc4+ $11) 1-0